• 首页
  • 本馆介绍
  • 公告通知
  • 最新文献
  • 馆藏检索
  • 电子资源
  • 读者导购
  • 参考咨询
  • 我的图书馆
  • 登录
  • 详细信息显示
  • 放入我的书架
  • 预约/预借图书
  • 作者相关作品
  • 分类相关作品
  • 丛书相关作品
  • 出版社相关作品

书目信息

  • 表格格式
  • 工作单格式
  • 卡片格式
题名:
淮南子全鉴
    
 
作者: 刘安 著 ;东篱子 解译
分册:  
出版信息: 北京   中国纺织出版社  2023
页数: 313页
开本: 24cm
丛书名: 国学经典全鉴系列
单 册:
中图分类: B234.42 , B234.4
科图分类:
主题词: 杂家--中国--西汉时代
电子资源:
ISBN: 978-7-5180-6084-9
000 00955nam0 2200277 450
001 2337251515
005 20231005181414.69
010    @a978-7-5180-6084-9@dCNY68.00
100    @a20190603d2019 em y0chiy50 ea
101 0  @achi
102    @aCN@b110000
105    @aa z 000yy
200 1  @a淮南子全鉴@Ahuai nan zi quan jian@e典藏诵读版@f(西汉)刘安著@g东篱子解译
210    @a北京@c中国纺织出版社@d2023
215    @a313页@c图@d24cm
225 1  @a国学经典全鉴系列@h第二辑
330    @a本书对天文、地理、节令等方面都有广泛深入地探讨,并以道论为根本,解释各种自然现象,对我国古代科技发展作出了不可磨灭的贡献,也对后世研究秦汉时期文化起到了重要桥梁作用。
461  0 @12001 @a国学经典全鉴系列
605    @a《淮南子》@x注释
606 0  @a杂家@y中国@z西汉时代
690    @aB234.42@v5
690    @aB234.4@v4
701  0 @c(西汉)@a刘安@Aliu an@4著
702  0 @a东篱子@Adong li zi@4解译
801  0 @aCN@b安徽时代@c20230923
905    @aBZT@dB234.4@e9
    
    淮南子全鉴:典藏诵读版/(西汉)刘安著/东篱子解译.-北京:中国纺织出版社,2023
    313页:图;24cm.-(国学经典全鉴系列.第二辑)
    
    
    ISBN 978-7-5180-6084-9:CNY68.00
    本书对天文、地理、节令等方面都有广泛深入地探讨,并以道论为根本,解释各种自然现象,对我国古代科技发展作出了不可磨灭的贡献,也对后世研究秦汉时期文化起到了重要桥梁作用。
●
相关链接 在五车中查询图书 在当当中查询图书 在豆瓣中查询图书


正题名:淮南子全鉴     索取号:B234.4/9         预约/预借

序号 登录号 条形码 馆藏地/架位号 状态 备注
1 2000931247   2000931247   第四书库/四1架B面1层3列/ [索取号:B234.4/9] 在馆    
2 2000931248   2000931248   第四书库/四1架B面1层3列/ [索取号:B234.4/9] 在馆    
3 2000931249   2000931249   第四书库/四1架B面1层3列/ [索取号:B234.4/9] 在馆    
4 2000931250   2000931250   第四书库/四1架B面1层3列/ [索取号:B234.4/9] 在馆    
5 2000931251   2000931251   第四书库/四1架B面1层3列/ [索取号:B234.4/9] 在馆    
6 2000931252   2000931252   智能微图书馆/四1架B面1层3列/ [索取号:B234.4/9] 在馆    
山东省滨州职业学院图书馆 欢迎您!
大连网信软件有限公司© 版权所有